| 000 | 00535cam a2200193ua 4500 | ||
|---|---|---|---|
| 001 | 11650 | ||
| 008 | 191014n ii |||gr||||Z||||||eng | ||
| 020 | _a9788189003876 | ||
| 040 | _cMAIN | ||
| 041 | _aeng | ||
| 082 | _a954.162 | ||
| 100 |
_aAmalendu Guha, _eAuthor. |
||
| 245 |
_aPlanter raj to swaraj : _bfreedom struggle and electoral politics in Assam, 1826-1947 / _cBy Amalendu Guha . |
||
| 260 |
_aGuwahati: _bAnwesha, _c2016. |
||
| 300 | _a360p. | ||
| 653 | _aSouth Asia India | ||
| 653 | _aHistory of Assam | ||
| 942 | _cBK | ||
| 999 |
_c10462 _d10462 |
||